Normal view
MARC view
Entry Personal Name
001 - CONTROL NUMBER
- control field: 30927
003 - CONTROL NUMBER IDENTIFIER
- control field: ARRUPE
005 - DATE AND TIME OF LATEST TRANSACTION
- control field: 20170522092826.0
008 - FIXED-LENGTH DATA ELEMENTS
- fixed length control field: 170522|| aca||aabn | a|a d
040 ## - CATALOGING SOURCE
- Original cataloging agency: ARRUPE
- Transcribing agency: ARRUPE
100 ## - HEADING--PERSONAL NAME
- Personal name: Odhiambo, E.S. Atieno ; Lonsdale, John (ed.)
670 ## - SOURCE DATA FOUND
- Source citation: Work cat.: (ARRUPE)63385: Mau Mau and nationhood, 2003